| 000 | 00541nam a2200193Ia 4500 | ||
|---|---|---|---|
| 999 |
_c11335 _d11335 |
||
| 003 | OSt | ||
| 005 | 20191213132625.0 | ||
| 008 | 190216s9999||||xx |||||||||||||| ||und|| | ||
| 020 | _a9788121903745 | ||
| 040 | _coclc | ||
| 082 |
_a330.1 _bAHU/M |
||
| 100 |
_aAhuja, H L _9470 |
||
| 245 | 0 |
_aModern Microeconomics Theory And Applications / _c H L Ahuja |
|
| 250 | _a18th Ed. | ||
| 260 |
_bS Chand & Co, _c2013. _aNew Delhi: |
||
| 300 | _a963p | ||
| 650 | _aEcnomics | ||
| 942 |
_cBK _2ddc _h330.1 _iAHU/M _k330.1 _mAHU/M |
||